000
00299nam a22001337a 4500
008
170606b xxu||||| |||| 00| 0 eng d
020
_a
9780393934717
041
_a
eng
080
_2
2ND
_a
321
100
_a
18
101
_a
shp
245
_a
AMERICAN POLITICS TODAY
_c
BIANCO, W.T
942
_2
udc
_c
BK
999
_c
16182
_d
16182